000
00325nam a22001337a 4500
008
170424b xxu||||| |||| 00| 0 eng d
020
_a
9780669243468
041
_a
eng
080
_2
2ND
_a
547
100
_a
12
101
_a
SHM
245
_a
MACROSCALE AND MICROSCALE ORGANIC EXPERIMENTS
_c
WILLIAMSON, K.L
942
_2
udc
_c
BK
999
_c
11616
_d
11616